| 000 | 00454nam a22001577a 4500 | ||
|---|---|---|---|
| 003 | SGT | ||
| 020 | _a9781259004599 | ||
| 082 | _a537,MAH | ||
| 100 | _aMAHAJAN SHOBHIT | ||
| 245 | _aELECTRICITY MAGNETISM AND ELECTROMAGNETIC THEORY | ||
| 260 |
_aNEW DELHI _bMC GRAW HILL |
||
| 300 | _a589 | ||
| 650 | _aELECTRICITY MAGNETISM | ||
| 653 | _aMATHEMATICAL PRELIMINARIES, ELECTRIC FORCES, ELECTRIC POTENTIAL, ELECTRIC FIELDS IN MATTER | ||
| 942 |
_2ddc _cFPS |
||
| 999 |
_c9332 _d9332 |
||